[Event "EYCC 2024 - G16"]
[Site "?"]
[Date "2024.08.23"]
[Round "2.1"]
[White "Bruntse, Kathrine Lindegaard"]
[Black "Zgoda, Aleksandra"]
[Result "1/2-1/2"]
[BlackElo "1688"]
[WhiteElo "1945"]
[LiveChessVersion "1.4.8"]

1. d4 {[%clk 1:30:57]} Nf6 {[%clk 1:30:48]} 2. c4 {[%clk 1:31:22]} e6
{[%clk 1:31:08]} 3. Nf3 {[%clk 1:31:46]} Bb4+ {[%clk 1:31:14]} 4. Bd2
{[%clk 1:32:08]} Qe7 {[%clk 1:31:05]} 5. Nc3 {[%clk 1:32:14]} b6 {[%clk 1:30:33]}
6. g3 {[%clk 1:32:26]} Bb7 {[%clk 1:28:48]} 7. Bg2 {[%clk 1:32:47]} Bxc3
{[%clk 1:26:49]} 8. Bxc3 {[%clk 1:31:35]} Ne4 {[%clk 1:25:40]} 9. Qc2
{[%clk 1:29:18]} Nxc3 {[%clk 1:23:50]} 10. Qxc3 {[%clk 1:29:21]} d6
{[%clk 1:22:22]} 11. d5 {[%clk 1:17:15]} e5 {[%clk 1:15:47]} 12. e4
{[%clk 1:14:16]} O-O {[%clk 1:12:00]} 13. Nh4 {[%clk 1:03:50]} g6
{[%clk 1:07:12]} 14. Bh3 {[%clk 0:54:41]} Nd7 {[%clk 1:04:46]} 15. Qf3
{[%clk 0:38:13]} Nf6 {[%clk 0:56:15]} 16. O-O {[%clk 0:35:58]} c6
{[%clk 0:48:04]} 17. Rfc1 {[%clk 0:33:40]} b5 {[%clk 0:45:05]} 18. b3
{[%clk 0:32:21]} bxc4 {[%clk 0:39:11]} 19. bxc4 {[%clk 0:32:39]} Bc8
{[%clk 0:37:40]} 20. Bf1 {[%clk 0:26:24]} c5 {[%clk 0:35:15]} 21. Rab1
{[%clk 0:25:19]} Bg4 {[%clk 0:34:07]} 22. Qe3 {[%clk 0:23:35]} Rab8
{[%clk 0:32:50]} 23. Bd3 {[%clk 0:20:48]} Qc7 {[%clk 0:23:09]} 24. Qd2
{[%clk 0:19:38]} Rfc8 {[%clk 0:19:32]} 25. Qc3 {[%clk 0:18:15]} Rd8
{[%clk 0:13:30]} 26. Rb5 {[%clk 0:14:37]} Bd7 {[%clk 0:13:00]} 27. Rbb1
{[%clk 0:14:04]} Bg4 {[%clk 0:13:07]} 28. Kg2 {[%clk 0:13:45]} Qd7
{[%clk 0:11:59]} 29. f3 {[%clk 0:12:49]} Bh3+ {[%clk 0:12:14]} 30. Kg1
{[%clk 0:13:00]} h5 {[%clk 0:11:53]} 31. Qd2 {[%clk 0:11:28]} Kg7
{[%clk 0:10:39]} 32. Bc2 {[%clk 0:10:16]} Rdc8 {[%clk 0:05:39]} 33. a4
{[%clk 0:09:01]} Qc7 {[%clk 0:04:42]} 34. a5 {[%clk 0:08:27]} Rxb1
{[%clk 0:04:45]} 35. Rxb1 {[%clk 0:08:50]} Rb8 {[%clk 0:05:09]} 36. Rb3
{[%clk 0:06:15]} Rb4 {[%clk 0:04:18]} 37. Qc3 {[%clk 0:04:29]} Qxa5
{[%clk 0:03:07]} 38. Ra3 {[%clk 0:04:39]} Qb6 {[%clk 0:03:06]} 39. Bb3
{[%clk 0:04:10]} a5 {[%clk 0:02:27]} 40. Ng2 {[%clk 0:02:08]} Bd7
{[%clk 0:01:26]} 41. Ne3 {[%clk 0:02:02]} a4 {[%clk 0:01:03]} 42. Bc2
{[%clk 0:02:15]} Ne8 {[%clk 0:01:00]} 43. f4 {[%clk 0:01:35]} f6 {[%clk 0:01:25]}
44. f5 {[%clk 0:01:21]} g5 {[%clk 0:01:04]} 45. Kg2 {[%clk 0:01:07]} Rb2
{[%clk 0:00:52]} 46. Nd1 {[%clk 0:01:27]} Rb4 {[%clk 0:01:01]} 47. h3
{[%clk 0:01:37]} Qa6 {[%clk 0:01:02]} 48. Ne3 {[%clk 0:01:48]} Nc7
{[%clk 0:01:21]} 49. Qa1 {[%clk 0:01:43]} Na8 {[%clk 0:01:13]} 50. Qc3
{[%clk 0:01:29]} Nb6 {[%clk 0:01:22]} 51. Bd3 {[%clk 0:01:47]} Nc8
{[%clk 0:00:47]} 52. Bc2 {[%clk 0:01:59]} Rb8 {[%clk 0:00:43]} 53. Qa1
{[%clk 0:02:07]} Qa5 {[%clk 0:00:47]} 54. Nf1 {[%clk 0:01:44]} Nb6
{[%clk 0:01:02]} 55. Qa2 {[%clk 0:02:01]} Qb4 {[%clk 0:01:03]} 56. Bd3
{[%clk 0:02:02]} Nc8 {[%clk 0:00:45]} 57. Bc2 {[%clk 0:01:08]} Qb2
{[%clk 0:01:04]} 58. Ne3 {[%clk 0:00:44]} Qc1 {[%clk 0:00:55]} 59. Qa1
{[%clk 0:00:38]} Qxa1 {[%clk 0:00:55]} 60. Rxa1 {[%clk 0:01:03]} Rb2
{[%clk 0:01:14]} 61. Kf1 {[%clk 0:01:23]} Nb6 {[%clk 0:01:32]} 62. Bd1 Rb4
{[%clk 0:01:15]} 63. Be2 {[%clk 0:00:59]} Kh6 {[%clk 0:01:19]} 64. Nc2
{[%clk 0:01:05]} Rb3 {[%clk 0:01:24]} 65. Kf2 {[%clk 0:01:26]} Bc8
{[%clk 0:00:45]} 66. Na3 {[%clk 0:01:01]} Ba6 {[%clk 0:00:49]} 67. Rb1
{[%clk 0:00:51]} Rxb1 {[%clk 0:01:05]} 68. Nxb1 {[%clk 0:01:15]} Bxc4
{[%clk 0:01:27]} 69. Bxc4 {[%clk 0:01:25]} Nxc4 {[%clk 0:01:52]} 70. Nc3
{[%clk 0:01:43]} a3 {[%clk 0:00:53]} 71. Ke2 {[%clk 0:02:06]} Kg7
{[%clk 0:00:59]} 72. Kd3 {[%clk 0:02:19]} Nb2+ {[%clk 0:00:58]} 73. Kc2
{[%clk 0:02:39]} Kf7 {[%clk 0:00:52]} 74. Nb5 {[%clk 0:01:47]} Nc4
{[%clk 0:01:00]} 75. Nc3 {[%clk 0:01:47]} Ne3+ {[%clk 0:00:48]} 76. Kb3
{[%clk 0:02:01]} Nf1 {[%clk 0:00:46]} 77. Ne2 {[%clk 0:02:24]} Nd2+
{[%clk 0:01:10]} 78. Kxa3 {[%clk 0:02:47]} Nxe4 {[%clk 0:01:34]} 79. Kb3
{[%clk 0:02:47]} Ke7 {[%clk 0:01:23]} 80. Kc4 {[%clk 0:02:33]} Kd7
{[%clk 0:01:27]} 81. h4 {[%clk 0:02:48]} Kc7 {[%clk 0:00:52]} 82. Kd3
{[%clk 0:01:59]} Nf2+ {[%clk 0:01:11]} 83. Ke3 {[%clk 0:02:16]} Ng4+
{[%clk 0:01:32]} 84. Kd3 {[%clk 0:02:03]} Kb6 {[%clk 0:01:36]} 85. Nc3
{[%clk 0:02:14]} Ka5 {[%clk 0:01:24]} 86. Ne4 {[%clk 0:02:26]} gxh4
{[%clk 0:00:34]} 87. gxh4 {[%clk 0:02:41]} c4+ {[%clk 0:00:39]} 88. Kxc4
{[%clk 0:01:37]} Ne3+ {[%clk 0:01:04]} 89. Kd3 {[%clk 0:02:01]} Nxf5
{[%clk 0:01:08]} 90. Nxf6 {[%clk 0:02:26]} Kb5 {[%clk 0:01:02]} 91. Nxh5
{[%clk 0:02:25]} Nxh4 {[%clk 0:01:17]} 92. Ke4 {[%clk 0:02:23]} Ng6
{[%clk 0:00:49]} 93. Nf6 {[%clk 0:02:16]} Nf4 {[%clk 0:00:51]} 94. Ng4
{[%clk 0:02:29]} Ng6 {[%clk 0:00:58]} 95. Kf5 {[%clk 0:01:49]} Nh4+
{[%clk 0:01:00]} 96. Ke4 {[%clk 0:02:06]} Kc5 {[%clk 0:00:59]} 97. Nxe5
{[%clk 0:02:19]} dxe5 {[%clk 0:00:39]} 98. Kxe5 {[%clk 0:02:44]} Ng6+
{[%clk 0:01:01]} 99. Ke6 {[%clk 0:03:06]} Nf8+ {[%clk 0:01:19]} 100. Ke5
{[%clk 0:03:27]} Nd7+ {[%clk 0:01:42]} 101. Ke6 {[%clk 0:03:49]} Nf8+
{[%clk 0:02:01]} 102. Ke5 {[%clk 0:04:13]} Nd7+ {[%clk 0:02:27]} 103. Ke6
{[%clk 0:04:37]} Nf8+ {[%clk 0:02:54]} 104. Ke7 {[%clk 0:04:47]} Kxd5
{[%clk 0:03:19]} 1/2-1/2

[Event "EYCC 2024 - G16"]
[Site "?"]
[Date "2024.08.23"]
[Round "2.2"]
[White "Alexandri, Vasiliki"]
[Black "Natoli, Alessia"]
[Result "1-0"]
[BlackElo "1944"]
[WhiteElo "1824"]
[LiveChessVersion "1.4.8"]

1. d4 {[%clk 1:30:56]} d5 {[%clk 1:30:52]} 2. c4 {[%clk 1:31:20]} dxc4
{[%clk 1:31:13]} 3. e3 {[%clk 1:31:44]} Nf6 {[%clk 1:31:08]} 4. Bxc4
{[%clk 1:32:04]} e6 {[%clk 1:30:54]} 5. Nf3 {[%clk 1:32:21]} a6 {[%clk 1:30:35]}
6. O-O {[%clk 1:32:31]} c5 {[%clk 1:30:27]} 7. Nbd2 {[%clk 1:32:18]} Nc6
{[%clk 1:27:30]} 8. dxc5 {[%clk 1:16:09]} Bxc5 {[%clk 1:26:52]} 9. Nb3
{[%clk 1:14:56]} Ba7 {[%clk 1:19:27]} 10. Qxd8+ Kxd8 {[%clk 1:19:30]} 11. Nbd4
{[%clk 0:59:47]} Nxd4 {[%clk 1:15:26]} 12. Nxd4 {[%clk 0:59:53]} Bxd4
{[%clk 1:12:30]} 13. exd4 {[%clk 1:00:16]} b5 {[%clk 1:10:45]} 14. Be2
{[%clk 0:59:02]} Bb7 {[%clk 1:08:01]} 15. a4 {[%clk 0:52:41]} b4 {[%clk 1:02:04]}
16. Bd2 {[%clk 0:46:30]} b3 {[%clk 0:58:56]} 17. Rac1 {[%clk 0:43:36]} Kd7
{[%clk 0:57:03]} 18. f3 {[%clk 0:28:16]} Bc6 {[%clk 0:49:09]} 19. a5
{[%clk 0:26:42]} Rhb8 {[%clk 0:35:39]} 20. Rc5 {[%clk 0:25:48]} Bd5
{[%clk 0:33:36]} 21. Rfc1 {[%clk 0:25:09]} Rb7 {[%clk 0:31:53]} 22. Kf2
{[%clk 0:22:06]} Ne8 {[%clk 0:27:48]} 23. Bd3 {[%clk 0:20:21]} Nd6
{[%clk 0:26:08]} 24. Ke3 {[%clk 0:18:54]} g6 {[%clk 0:23:31]} 25. Be1
{[%clk 0:17:22]} Raa7 {[%clk 0:19:35]} 26. g4 {[%clk 0:13:06]} Ne8
{[%clk 0:13:45]} 27. h4 {[%clk 0:10:15]} Rc7 {[%clk 0:11:57]} 28. Bg3
{[%clk 0:09:02]} Rxc5 {[%clk 0:11:29]} 29. dxc5 {[%clk 0:07:05]} Kc6
{[%clk 0:09:41]} 30. Rc3 {[%clk 0:06:25]} Nf6 {[%clk 0:08:34]} 31. g5
{[%clk 0:05:49]} Nd7 {[%clk 0:08:02]} 32. Bd6 {[%clk 0:06:02]} Rb7
{[%clk 0:06:58]} 33. Bxa6 {[%clk 0:02:04]} Ra7 {[%clk 0:06:56]} 34. Bc4
{[%clk 0:01:56]} Rxa5 {[%clk 0:03:24]} 35. Bxb3 {[%clk 0:01:16]} Bxb3
{[%clk 0:02:17]} 36. Rxb3 {[%clk 0:01:44]} Nxc5 {[%clk 0:02:24]} 37. Bxc5
{[%clk 0:02:13]} Kxc5 {[%clk 0:02:42]} 38. Rb7 {[%clk 0:02:08]} Ra4
{[%clk 0:02:11]} 39. f4 {[%clk 0:02:17]} Kd5 {[%clk 0:01:28]} 40. Rxf7
{[%clk 0:02:10]} Rb4 {[%clk 0:01:19]} 41. Rd7+ {[%clk 0:02:16]} Kc6
{[%clk 0:01:13]} 42. Rxh7 {[%clk 0:02:11]} Rxb2 {[%clk 0:01:20]} 43. Rh6
{[%clk 0:01:24]} Rb3+ {[%clk 0:00:52]} 44. Ke4 {[%clk 0:01:32]} Rh3
{[%clk 0:00:42]} 45. Rxg6 {[%clk 0:01:31]} Rxh4 {[%clk 0:01:05]} 46. Rxe6+
{[%clk 0:01:57]} Kd7 {[%clk 0:01:21]} 47. Rh6 {[%clk 0:02:10]} Rg4
{[%clk 0:01:40]} 48. Kf5 {[%clk 0:02:08]} Rg1 {[%clk 0:01:52]} 49. Rh7+
{[%clk 0:02:15]} Ke8 {[%clk 0:02:12]} 50. Kf6 {[%clk 0:02:24]} Ra1
{[%clk 0:02:15]} 51. g6 {[%clk 0:01:58]} Ra6+ {[%clk 0:02:11]} 52. Kg5
{[%clk 0:02:20]} Kf8 {[%clk 0:02:25]} 53. f5 {[%clk 0:02:24]} Ra1
{[%clk 0:01:51]} 54. Rb7 {[%clk 0:01:55]} Ra5 {[%clk 0:01:39]} 55. g7+
{[%clk 0:01:00]} Kg8 {[%clk 0:01:41]} 56. Kg6 {[%clk 0:01:12]} 1-0

[Event "EYCC 2024 - G16"]
[Site "?"]
[Date "2024.08.23"]
[Round "2.3"]
[White "Kavanova, Anezka"]
[Black "Dobsa, Emma"]
[Result "0-1"]
[BlackElo "1937"]
[WhiteElo "1726"]
[LiveChessVersion "1.4.8"]

1. e4 {[%clk 1:30:57]} c6 {[%clk 1:30:41]} 2. d4 {[%clk 1:31:23]} d5
{[%clk 1:31:04]} 3. f3 {[%clk 1:31:48]} dxe4 {[%clk 1:31:26]} 4. fxe4
{[%clk 1:31:30]} e5 {[%clk 1:31:36]} 5. Nf3 {[%clk 1:31:06]} Bg4 {[%clk 1:31:49]}
6. Bc4 {[%clk 1:30:49]} Nd7 {[%clk 1:31:49]} 7. O-O {[%clk 1:22:15]} Ngf6
{[%clk 1:31:12]} 8. Bg5 {[%clk 1:03:01]} Bxf3 {[%clk 0:53:37]} 9. Qxf3
{[%clk 0:46:48]} Qb6 {[%clk 0:51:06]} 10. Qb3 {[%clk 0:45:27]} Qxd4+
{[%clk 0:47:00]} 11. Kh1 {[%clk 0:44:07]} O-O-O {[%clk 0:40:48]} 12. Bxf7
{[%clk 0:34:28]} Nc5 {[%clk 0:28:05]} 13. Qh3+ {[%clk 0:33:52]} Kb8
{[%clk 0:22:00]} 14. Nc3 {[%clk 0:27:46]} Ncxe4 {[%clk 0:18:04]} 15. Nxe4
{[%clk 0:25:24]} Qxe4 {[%clk 0:18:09]} 16. Bb3 {[%clk 0:23:49]} Qg6
{[%clk 0:16:09]} 17. Qg3 {[%clk 0:19:48]} Bd6 {[%clk 0:14:02]} 18. Bxf6
{[%clk 0:17:28]} Qxg3 {[%clk 0:14:19]} 19. hxg3 {[%clk 0:17:51]} gxf6
{[%clk 0:14:46]} 20. Rxf6 {[%clk 0:18:17]} e4 {[%clk 0:14:23]} 21. Re6
{[%clk 0:18:42]} Rhe8 {[%clk 0:14:11]} 22. Rxe8 Rxe8 {[%clk 0:14:36]} 23. Kh2
{[%clk 0:13:40]} Bc5 {[%clk 0:14:35]} 24. Re1 {[%clk 0:10:53]} Bf2
{[%clk 0:12:08]} 25. Re2 {[%clk 0:11:13]} e3 {[%clk 0:12:25]} 26. Bf7
{[%clk 0:09:50]} Re5 {[%clk 0:11:33]} 27. Kh3 {[%clk 0:08:58]} b5
{[%clk 0:09:44]} 28. Kh4 {[%clk 0:02:49]} Re7 {[%clk 0:07:41]} 29. Bh5
{[%clk 0:03:10]} Kc7 {[%clk 0:05:28]} 30. Bf3 {[%clk 0:02:06]} Kd6
{[%clk 0:05:05]} 31. Kg4 {[%clk 0:01:27]} c5 {[%clk 0:03:40]} 32. Kf4
{[%clk 0:00:56]} c4 {[%clk 0:03:48]} 33. c3 {[%clk 0:00:31]} Kc5 {[%clk 0:03:11]}
34. Rc2 {[%clk 0:00:00]} 0-1

[Event "EYCC 2024 - G16"]
[Site "?"]
[Date "2024.08.23"]
[Round "2.4"]
[White "Yildiz, Elif Zeren"]
[Black "Lackova, Ludmila"]
[Result "1-0"]
[BlackElo "1669"]
[WhiteElo "1934"]
[LiveChessVersion "1.4.8"]

1. e4 {[%clk 1:30:56]} e5 {[%clk 1:30:55]} 2. Nf3 {[%clk 1:31:15]} Nf6
{[%clk 1:31:15]} 3. Nxe5 {[%clk 1:31:35]} d6 {[%clk 1:31:39]} 4. Nf3
{[%clk 1:31:51]} Nxe4 {[%clk 1:31:57]} 5. d4 {[%clk 1:32:10]} d5 {[%clk 1:32:21]}
6. Bd3 {[%clk 1:32:30]} Bf5 {[%clk 1:32:41]} 7. O-O {[%clk 1:32:52]} Be7
{[%clk 1:33:02]} 8. Re1 {[%clk 1:33:17]} O-O {[%clk 1:33:14]} 9. c4
{[%clk 1:33:43]} c6 {[%clk 1:33:27]} 10. Qc2 {[%clk 1:34:07]} Nd7
{[%clk 1:30:13]} 11. Nc3 {[%clk 1:34:25]} Ndf6 {[%clk 1:27:40]} 12. Ne5
{[%clk 1:34:49]} Bb4 {[%clk 1:13:03]} 13. a3 {[%clk 1:25:25]} Bxc3
{[%clk 1:09:14]} 14. bxc3 {[%clk 1:25:49]} Bg6 {[%clk 1:02:42]} 15. Nxg6
{[%clk 1:15:08]} fxg6 {[%clk 0:57:23]} 16. f3 {[%clk 1:11:00]} Nd6
{[%clk 0:57:15]} 17. c5 {[%clk 1:08:03]} Nf7 {[%clk 0:57:03]} 18. a4
{[%clk 1:03:34]} Qc7 {[%clk 0:56:10]} 19. g3 {[%clk 0:57:46]} Rae8
{[%clk 0:56:19]} 20. Bf4 {[%clk 0:56:57]} Qd7 {[%clk 0:56:34]} 21. g4
{[%clk 0:48:59]} Rxe1+ {[%clk 0:52:27]} 22. Rxe1 {[%clk 0:49:28]} Re8
{[%clk 0:52:37]} 23. Rxe8+ {[%clk 0:43:27]} Qxe8 {[%clk 0:53:05]} 24. Qe2
{[%clk 0:43:52]} Qd7 {[%clk 0:51:40]} 25. h3 {[%clk 0:40:08]} Kf8
{[%clk 0:51:11]} 26. a5 {[%clk 0:36:28]} a6 {[%clk 0:51:34]} 27. Qb2
{[%clk 0:36:38]} Qe7 {[%clk 0:50:24]} 28. Kf2 {[%clk 0:36:35]} Ne8
{[%clk 0:45:41]} 29. Bg3 {[%clk 0:29:18]} Nf6 {[%clk 0:41:54]} 30. Qb6
{[%clk 0:29:14]} Qd7 {[%clk 0:40:28]} 31. Qc7 {[%clk 0:25:16]} Qxc7
{[%clk 0:40:21]} 32. Bxc7 {[%clk 0:25:44]} Ke7 {[%clk 0:40:27]} 33. h4
{[%clk 0:22:59]} Nd8 {[%clk 0:38:54]} 34. g5 {[%clk 0:18:10]} Ne8
{[%clk 0:38:33]} 35. Be5 {[%clk 0:17:26]} Ne6 {[%clk 0:38:53]} 36. f4
{[%clk 0:15:48]} N8c7 {[%clk 0:39:01]} 37. Ke3 {[%clk 0:15:21]} Nb5
{[%clk 0:37:55]} 38. c4 {[%clk 0:12:57]} dxc4 {[%clk 0:36:41]} 39. Bxc4
{[%clk 0:13:25]} Nbc7 {[%clk 0:35:56]} 40. Ke4 {[%clk 0:13:10]} Ne8
{[%clk 0:27:53]} 41. Bxe6 {[%clk 0:06:41]} Kxe6 {[%clk 0:28:05]} 42. Bb8
{[%clk 0:07:09]} Ke7 {[%clk 0:17:53]} 43. Ke5 {[%clk 0:07:30]} h6
{[%clk 0:05:52]} 44. Bd6+ {[%clk 0:06:32]} Kd7 {[%clk 0:05:45]} 45. Bf8
{[%clk 0:06:32]} hxg5 {[%clk 0:04:28]} 46. hxg5 {[%clk 0:06:56]} Nc7
{[%clk 0:04:36]} 47. Bxg7 {[%clk 0:07:11]} Ke7 {[%clk 0:04:14]} 48. Bf6+
{[%clk 0:06:02]} Kf7 {[%clk 0:02:49]} 49. Kd6 {[%clk 0:05:17]} Ne8+
{[%clk 0:03:11]} 50. Kd7 {[%clk 0:05:44]} Nxf6+ {[%clk 0:02:41]} 51. gxf6
{[%clk 0:06:13]} Kxf6 {[%clk 0:02:58]} 52. Kc7 {[%clk 0:06:39]} Kf5
{[%clk 0:03:16]} 53. Kxb7 {[%clk 0:07:07]} Kxf4 {[%clk 0:03:30]} 54. d5
{[%clk 0:07:36]} g5 {[%clk 0:02:46]} 55. dxc6 {[%clk 0:08:02]} g4
{[%clk 0:02:56]} 56. c7 {[%clk 0:08:29]} g3 {[%clk 0:03:17]} 57. c8=Q
{[%clk 0:08:55]} g2 {[%clk 0:03:32]} 58. Qg8 {[%clk 0:09:21]} Kf3
{[%clk 0:03:52]} 59. c6 {[%clk 0:09:46]} Kf2 {[%clk 0:04:11]} 60. c7
{[%clk 0:10:13]} g1=Q {[%clk 0:04:01]} 61. Qxg1+ {[%clk 0:10:38]} Kxg1
{[%clk 0:03:40]} 62. c8=Q {[%clk 0:11:04]} Kf2 {[%clk 0:03:34]} 63. Qc3
{[%clk 0:11:29]} Ke2 {[%clk 0:03:59]} 64. Kc6 {[%clk 0:11:55]} Kf2
{[%clk 0:04:19]} 65. Kd5 {[%clk 0:12:22]} Ke2 {[%clk 0:04:42]} 66. Ke4
{[%clk 0:12:48]} Kf2 {[%clk 0:05:03]} 67. Qe3+ {[%clk 0:13:11]} Kg2
{[%clk 0:05:25]} 68. Qd2+ {[%clk 0:13:32]} Kg3 {[%clk 0:05:44]} 69. Qe2
{[%clk 0:13:50]} Kh3 {[%clk 0:06:05]} 70. Kf4 {[%clk 0:14:16]} Kh4
{[%clk 0:06:26]} 71. Qg4# {[%clk 0:14:42]} 1-0

[Event "EYCC 2024 - G16"]
[Site "?"]
[Date "2024.08.23"]
[Round "2.5"]
[White "Ken-Dror, Renana"]
[Black "Tirpan, Ceren"]
[Result "0-1"]
[BlackElo "1926"]
[WhiteElo "1618"]
[LiveChessVersion "1.4.8"]

1. c4 {[%clk 1:30:57]} g6 {[%clk 1:30:56]} 2. g3 {[%clk 1:31:12]} Bg7
{[%clk 1:31:21]} 3. Bg2 {[%clk 1:31:28]} Nf6 {[%clk 1:31:25]} 4. Nc3
{[%clk 1:31:31]} d6 {[%clk 1:31:25]} 5. d4 {[%clk 1:30:44]} Nbd7 {[%clk 1:31:46]}
6. Nf3 {[%clk 1:31:02]} e5 {[%clk 1:30:13]} 7. O-O {[%clk 1:23:45]} O-O
{[%clk 1:29:30]} 8. h3 {[%clk 1:19:52]} Re8 {[%clk 1:24:03]} 9. Be3
{[%clk 1:18:22]} c6 {[%clk 1:05:37]} 10. dxe5 {[%clk 0:54:12]} dxe5
{[%clk 1:03:57]} 11. Qc1 {[%clk 0:54:26]} Qe7 {[%clk 0:55:17]} 12. Rd1
{[%clk 0:50:56]} Nc5 {[%clk 0:47:31]} 13. Bg5 {[%clk 0:29:31]} Qf8
{[%clk 0:35:40]} 14. Nd2 {[%clk 0:19:52]} Ne6 {[%clk 0:28:14]} 15. Be3
{[%clk 0:14:49]} Nd4 {[%clk 0:21:53]} 16. Nb3 {[%clk 0:10:55]} c5
{[%clk 0:15:42]} 17. Re1 {[%clk 0:09:28]} Rb8 {[%clk 0:13:32]} 18. Nd5
{[%clk 0:05:48]} b6 {[%clk 0:08:10]} 19. Nxd4 {[%clk 0:02:22]} cxd4
{[%clk 0:08:28]} 20. Nxf6+ {[%clk 0:02:21]} Bxf6 {[%clk 0:08:50]} 21. Bd2
{[%clk 0:02:39]} e4 {[%clk 0:05:08]} 22. Bf4 {[%clk 0:03:00]} Rb7
{[%clk 0:05:19]} 23. g4 {[%clk 0:01:40]} Qc5 {[%clk 0:04:43]} 24. Rb1
{[%clk 0:01:36]} a5 {[%clk 0:04:46]} 25. a3 {[%clk 0:01:38]} a4 {[%clk 0:01:58]}
26. Qc2 {[%clk 0:02:04]} Qc6 {[%clk 0:02:24]} 27. Rbc1 {[%clk 0:01:17]} Bg7
{[%clk 0:02:00]} 28. Red1 {[%clk 0:01:25]} f5 {[%clk 0:01:59]} 29. g5
{[%clk 0:01:25]} Be6 {[%clk 0:02:15]} 30. h4 {[%clk 0:00:43]} b5 {[%clk 0:02:23]}
31. c5 {[%clk 0:00:44]} Bb3 {[%clk 0:02:30]} 32. Qd2 {[%clk 0:01:08]} Bxd1
{[%clk 0:02:38]} 33. Qxd1 {[%clk 0:01:31]} b4 {[%clk 0:03:02]} 34. Rc4
{[%clk 0:01:05]} bxa3 {[%clk 0:03:09]} 35. bxa3 {[%clk 0:01:28]} Rb3
{[%clk 0:03:34]} 36. Bc1 {[%clk 0:00:54]} Qb5 {[%clk 0:03:38]} 37. Qc2
{[%clk 0:00:51]} Rc3 {[%clk 0:03:58]} 38. Rxc3 {[%clk 0:01:00]} dxc3
{[%clk 0:04:21]} 39. h5 {[%clk 0:00:57]} Qb3 {[%clk 0:04:41]} 0-1

[Event "EYCC 2024 - G16"]
[Site "?"]
[Date "2024.08.23"]
[Round "2.6"]
[White "Kopecka, Anna"]
[Black "Seemann, Pola"]
[Result "0-1"]
[BlackElo "1914"]
[WhiteElo "1406"]
[LiveChessVersion "1.4.8"]

1. d4 {[%clk 1:30:57]} d5 {[%clk 1:30:56]} 2. e3 {[%clk 1:31:22]} Nf6
{[%clk 1:31:19]} 3. Bd3 {[%clk 1:31:44]} c5 {[%clk 1:31:21]} 4. b3
{[%clk 1:31:16]} Nc6 {[%clk 1:31:16]} 5. Nf3 {[%clk 1:30:16]} Bg4
{[%clk 1:30:04]} 6. Nbd2 {[%clk 1:27:49]} cxd4 {[%clk 1:29:56]} 7. exd4
{[%clk 1:25:47]} Nxd4 {[%clk 1:28:43]} 8. Bb2 {[%clk 1:18:22]} Nxf3+
{[%clk 1:28:36]} 9. Nxf3 {[%clk 1:18:03]} e6 {[%clk 1:27:28]} 10. Qe2
{[%clk 1:08:07]} a6 {[%clk 1:22:56]} 11. h3 {[%clk 0:50:18]} Bh5 {[%clk 1:20:11]}
12. O-O-O {[%clk 0:41:19]} Qa5 {[%clk 1:17:46]} 13. g4 {[%clk 0:23:05]} Bg6
{[%clk 1:17:45]} 14. Qd2 {[%clk 0:20:22]} Qxa2 {[%clk 1:16:03]} 15. Qc3
{[%clk 0:05:07]} Bxd3 {[%clk 1:14:39]} 0-1

[Event "EYCC 2024 - G16"]
[Site "?"]
[Date "2024.08.23"]
[Round "2.7"]
[White "Stankovic, Andrea"]
[Black "Hakobova, Alisa"]
[Result "1-0"]
[BlackElo "1619"]
[WhiteElo "1856"]
[LiveChessVersion "1.4.8"]

1. d4 {[%clk 1:30:57]} d5 {[%clk 1:30:55]} 2. Nf3 {[%clk 1:31:22]} Nf6
{[%clk 1:31:21]} 3. c4 {[%clk 1:31:47]} e6 {[%clk 1:31:46]} 4. Nc3
{[%clk 1:32:11]} Be7 {[%clk 1:32:11]} 5. Bg5 {[%clk 1:32:02]} O-O
{[%clk 1:32:27]} 6. e3 {[%clk 1:32:15]} h6 {[%clk 1:32:53]} 7. Bh4
{[%clk 1:32:39]} b6 {[%clk 1:32:18]} 8. cxd5 {[%clk 1:29:25]} exd5
{[%clk 1:30:28]} 9. Rc1 {[%clk 1:29:02]} Bb7 {[%clk 1:28:01]} 10. Bd3
{[%clk 1:28:19]} Nbd7 {[%clk 1:24:25]} 11. O-O {[%clk 1:28:11]} Re8
{[%clk 1:16:31]} 12. Bg3 {[%clk 1:19:17]} c6 {[%clk 0:56:41]} 13. Nd2
{[%clk 1:01:56]} Nf8 {[%clk 0:53:21]} 14. f3 {[%clk 0:53:08]} Ne6
{[%clk 0:49:13]} 15. Bf2 {[%clk 0:40:24]} a6 {[%clk 0:44:42]} 16. Bf5
{[%clk 0:36:08]} c5 {[%clk 0:21:54]} 17. Kh1 {[%clk 0:23:15]} Bf8
{[%clk 0:14:14]} 18. Re1 {[%clk 0:18:47]} Kh8 {[%clk 0:08:26]} 19. Nf1
{[%clk 0:16:20]} Kg8 {[%clk 0:03:22]} 20. Qd2 {[%clk 0:13:16]} Rb8
{[%clk 0:01:20]} 21. Rcd1 {[%clk 0:12:38]} cxd4 {[%clk 0:00:50]} 22. exd4
{[%clk 0:12:57]} Bc8 {[%clk 0:00:37]} 23. Ne3 {[%clk 0:11:48]} Bb4
{[%clk 0:00:31]} 24. Bh4 {[%clk 0:10:06]} Nc7 {[%clk 0:00:35]} 25. Bb1
{[%clk 0:09:07]} Be6 {[%clk 0:00:35]} 26. Qd3 {[%clk 0:08:47]} g6
{[%clk 0:00:38]} 27. f4 {[%clk 0:06:14]} Bc8 {[%clk 0:00:32]} 28. a3
{[%clk 0:05:18]} Be7 {[%clk 0:00:46]} 29. f5 {[%clk 0:03:34]} g5 {[%clk 0:01:11]}
30. Bg3 {[%clk 0:03:55]} Bd6 {[%clk 0:01:02]} 31. Nf1 {[%clk 0:02:44]} Bb7
{[%clk 0:00:32]} 32. Be5 {[%clk 0:02:37]} 1-0